[Event "St Petersburg Korchnoi Memorial op"]
[Site "St Petersburg"]
[Date "2018.08.23"]
[Round "9"]
[White "Privalikhin, Fedor"]
[Black "Karasev, Vladimir I"]
[Result "1-0"]
[WhiteElo "2143"]
[BlackElo "2334"]
[PlyCount "52"]
[EventDate "2018.08.15"]
[EventType "swiss"]
[EventRounds "9"]
[EventCountry "RUS"]
[SourceTitle "CBM 186 Extra"]
[Source "ChessBase"]
[SourceDate "2018.08.24"]
[SourceVersion "1"]
[SourceVersionDate "2018.08.24"]
[SourceQuality "1"]

1. d4 g6 2. e4 Bg7 3. Be3 c5 4. Nc3 Qa5 5. Qd2 cxd4 6. Bxd4 Bxd4 7. Qxd4 Nf6 8. Bc4 Nc6 9. Qe3 b5 10. Bb3 d6 11. Nf3 0-0 12. 0-0 Rb8 13. h3 Qc7 14. Qh6 e6 15. Ng5 Ne7 16. g4 Qc5 17. e5 Qxe5 18. Rfe1 Nf5 19. gxf5 Qxf5 20. Nce4 Rd8 21. Ng3 Qf4 22. Nxf7 Qxh6 23. Nxh6+ Kg7 24. Ng4 e5 25. Nxf6 Kxf6 26. Ne4+ Ke7 1-0

[Event "St Petersburg Korchnoi Memorial op"]
[Site "St Petersburg"]
[Date "2018.08.20"]
[Round "6"]
[White "Efimov, Ignat"]
[Black "Privalikhin, Fedor"]
[Result "0-1"]
[WhiteElo "1000"]
[BlackElo "2143"]
[PlyCount "74"]
[EventDate "2018.08.15"]
[EventType "swiss"]
[EventRounds "9"]
[EventCountry "RUS"]
[SourceTitle "CBM 186 Extra"]
[Source "ChessBase"]
[SourceDate "2018.08.24"]
[SourceVersion "1"]
[SourceVersionDate "2018.08.24"]
[SourceQuality "1"]

1. Nf3 d5 2. c4 c6 3. cxd5 cxd5 4. d4 Nc6 5. Nc3 Nf6 6. Bf4 a6 7. e3 Bf5 8. Bd3 Bg6 9. Rc1 e6 10. 0-0 Bd6 11. Bxd6 Qxd6 12. Na4 0-0 13. Nc5 Ra7 14. Bxg6 hxg6 15. Qb3 b5 16. Qa3 a5 17. Qd3 Rb8 18. Ng5 Ng4 19. f4 a4 20. h3 Nf6 21. Kh1 Na5 22. e4 Nh7 23. e5 Qb6 24. Ncxe6 fxe6 25. Qxg6 Nf8 26. Qd3 g6 27. g4 Rg7 28. Rc5 Nc6 29. Rfc1 Nb4 30. Qb1 Na6 31. Rc6 Qxd4 32. Rxa6 Qxf4 33. Nxe6 Qf3+ 34. Kh2 Rh7 35. Ng5 Qf4+ 36. Kg2 Qd2+ 37. Kg1 Qxg5 0-1

[Event "Irkutsk-ch"]
[Site "Irkutsk"]
[Date "2016.12.25"]
[Round "7"]
[White "Shelk, Alexander"]
[Black "Privalikhin, Fedor"]
[Result "1-0"]
[WhiteElo "2302"]
[BlackElo "2213"]
[PlyCount "75"]
[EventDate "2016.12.16"]
[EventType "tourn"]
[EventRounds "9"]
[EventCountry "RUS"]
[SourceTitle "CBM 176 Extra"]
[Source "ChessBase"]
[SourceDate "2017.03.02"]
[SourceVersion "1"]
[SourceVersionDate "2017.03.02"]
[SourceQuality "1"]

1. d4 Nf6 2. c4 d6 3. Nf3 Nc6 4. d5 Nb8 5. Nc3 g6 6. e4 Bg7 7. Bd3 0-0 8. h3 c6 9. 0-0 Nbd7 10. Be3 Qc7 11. Rc1 h6 12. Re1 Kh7 13. Bf4 Nh5 14. Bh2 Ne5 15. Be2 Nf6 16. Nd4 Ne8 17. dxc6 bxc6 18. f4 Nd7 19. Kh1 e5 20. Nf3 Nef6 21. fxe5 dxe5 22. Nd2 Rd8 23. Rf1 Nc5 24. Qe1 Rb8 25. b3 Nd3 26. Bxd3 Rxd3 27. Qe2 Rd8 28. Nf3 Nh5 29. Qe3 g5 30. Nxg5+ hxg5 31. Qxg5 Nf4 32. Rxf4 exf4 33. Bxf4 Qb6 34. c5 Qa5 35. Bxb8 Bxc3 36. Rxc3 Rd1+ 37. Kh2 Qxc3 38. Be5 1-0

[Event "Irkutsk-ch"]
[Site "Irkutsk"]
[Date "2016.12.23"]
[Round "5"]
[White "Ergeshov, Timur"]
[Black "Privalikhin, Fedor"]
[Result "1-0"]
[WhiteElo "2279"]
[BlackElo "2213"]
[PlyCount "161"]
[EventDate "2016.12.16"]
[EventType "tourn"]
[EventRounds "9"]
[EventCountry "RUS"]
[SourceTitle "CBM 176 Extra"]
[Source "ChessBase"]
[SourceDate "2017.03.02"]
[SourceVersion "1"]
[SourceVersionDate "2017.03.02"]
[SourceQuality "1"]

1. d4 Nf6 2. c4 e6 3. Nc3 Bb4 4. Qc2 b6 5. e4 Bb7 6. Bd3 c5 7. d5 Qe7 8. Nge2 d6 9. a3 Bxc3+ 10. Qxc3 Nbd7 11. Bf4 e5 12. Bd2 Nf8 13. Ng3 Bc8 14. Bc2 Bd7 15. 0-0 Ng6 16. Qf3 h6 17. Qd1 Nf4 18. Ba4 g6 19. Bxd7+ Qxd7 20. h3 Qe7 21. Qa4+ Kf8 22. Qb3 h5 23. Rfe1 h4 24. Nf1 N6h5 25. Qf3 Kg7 26. b4 Rhc8 27. b5 a5 28. bxa6 Rxa6 29. Reb1 Rca8 30. Rb3 f5 31. Re1 Qg5 32. Bc1 Rf8 33. Kh2 fxe4 34. Qxe4 Nf6 35. Qf3 Nd7 36. g3 hxg3+ 37. fxg3 Nxh3 38. Qxf8+ Kxf8 39. Bxg5 Nxg5 40. Nd2 Ra4 41. Kg2 Kg7 42. Kf2 Ra8 43. Ke3 Ra6 44. Rf1 Ra4 45. Kd3 Kg8 46. Kc3 Kg7 47. Kb2 Ra8 48. Re3 Nf6 49. Nf3 Ng4 50. Rb3 Rf8 51. Nd2 Rb8 52. a4 Nf6 53. a5 Nd7 54. a6 Ra8 55. Ra1 Ra7 56. Kc2 e4 57. Re3 Nf6 58. Rb3 Nd7 59. Re3 Nf6 60. Ree1 Kh6 61. Rh1+ Kg7 62. Rhe1 Kh6 63. Nb1 Nf3 64. Rh1+ Kg7 65. Nc3 Nd4+ 66. Kb2 e3 67. Rhe1 Ng4 68. Nb5 Ra8 69. Nc7 Ra7 70. Nb5 Ra8 71. a7 Nxb5 72. cxb5 Kf6 73. Ra4 Kf5 74. Kc2 Nf6 75. Rxe3 Nxd5 76. g4+ Kf6 77. Rf3+ Kg7 78. g5 Nc7 79. Raf4 Ne6 80. Rf7+ Kg8 81. R3f6 1-0

[Event "Irkutsk Region-ch"]
[Site "Irkutsk"]
[Date "2016.10.22"]
[Round "9.1"]
[White "Obolenskikh, Dmitry Aleksandrovi"]
[Black "Privalikhin, Fedor"]
[Result "1-0"]
[WhiteElo "2537"]
[BlackElo "2211"]
[PlyCount "39"]
[EventDate "2016.10.15"]
[EventType "tourn"]
[EventRounds "9"]
[EventCountry "RUS"]
[SourceTitle "EXT 2018"]
[Source "ChessBase"]
[SourceDate "2017.10.13"]
[SourceVersion "1"]
[SourceVersionDate "2017.10.13"]
[SourceQuality "1"]

1. Nf3 d5 2. c4 c6 3. g3 Nf6 4. Bg2 Bf5 5. cxd5 cxd5 6. Qb3 Qc8 7. Nc3 e6 8. d3 Nc6 9. Bf4 Qd7 10. 0-0 Be7 11. e4 dxe4 12. dxe4 Nxe4 13. Nxe4 Bxe4 14. Ne5 Bd5 15. Rfd1 Bxb3 16. Rxd7 Nxe5 17. Rxb7 Bf6 18. Rxb3 Rd8 19. Rb5 a6 20. Rxe5 1-0

[Event "Irkutsk Region-ch"]
[Site "Irkutsk"]
[Date "2016.10.16"]
[Round "3.5"]
[White "Privalikhin, Fedor"]
[Black "Shelk, Alexander"]
[Result "0-1"]
[WhiteElo "2211"]
[BlackElo "2301"]
[PlyCount "134"]
[EventDate "2016.10.15"]
[EventType "tourn"]
[EventRounds "9"]
[EventCountry "RUS"]
[SourceTitle "EXT 2018"]
[Source "ChessBase"]
[SourceDate "2017.10.13"]
[SourceVersion "1"]
[SourceVersionDate "2017.10.13"]
[SourceQuality "1"]

1. e4 c5 2. Nf3 a6 3. c3 d5 4. exd5 Qxd5 5. d4 Bg4 6. Be2 e6 7. Be3 cxd4 8. cxd4 Nf6 9. 0-0 Be7 10. Nc3 Qd6 11. Qa4+ Nbd7 12. d5 exd5 13. Rfd1 Be6 14. Nb5 Qb8 15. Nbd4 0-0 16. Ng5 Qd6 17. h3 Rac8 18. a3 h6 19. Ngf3 Ne4 20. Rdc1 Nb6 21. Qb3 Bd7 22. Bf1 Ng5 23. Ne1 Qg6 24. Bd3 Qf6 25. Ne2 Rxc1 26. Rxc1 Bd8 27. Bd4 Qe6 28. Nf4 Qd6 29. Bxb6 Bxb6 30. Nxd5 Be6 31. Qxb6 Qxd5 32. Qc5 Rd8 33. Qxd5 Bxd5 34. Kf1 Ne6 35. Rc3 Nf4 36. Bc4 Bc6 37. Bxa6 Bxg2+ 38. Nxg2 Rd1+ 39. Ne1 bxa6 40. Rf3 g5 41. h4 Rb1 42. hxg5 hxg5 43. Rb3 g4 44. Rb4 Rxe1+ 45. Kxe1 Nd3+ 46. Kd2 Nxb4 47. axb4 f5 48. Ke3 Kf7 49. f3 gxf3 50. Kxf3 Kf6 51. Kf4 Ke6 52. Kf3 Ke5 53. Ke3 f4+ 54. Kf3 Kf5 55. Kf2 Ke4 56. Ke2 f3+ 57. Kf2 Kf4 58. Kf1 Ke3 59. Ke1 f2+ 60. Kf1 Kf3 61. b3 Ke3 62. b5 axb5 63. b4 Kd3 64. Kxf2 Kc3 65. Ke2 Kxb4 66. Kd1 Kb3 67. Kc1 Ka2 0-1

[Event "Irkutsk Region-ch"]
[Site "Irkutsk"]
[Date "2014.10.25"]
[Round "8"]
[White "Shelk, Alexander"]
[Black "Privalikhin, Fedor"]
[Result "1-0"]
[WhiteElo "2347"]
[BlackElo "2159"]
[PlyCount "79"]
[EventDate "2014.10.18"]
[EventType "tourn"]
[EventRounds "11"]
[EventCountry "RUS"]
[SourceTitle "CBM 163 Extra"]
[Source "ChessBase"]
[SourceDate "2014.12.23"]
[SourceVersion "1"]
[SourceVersionDate "2014.12.23"]
[SourceQuality "1"]

1. d4 d5 2. c4 e6 3. Nf3 Nf6 4. g3 Be7 5. Bg2 Nbd7 6. 0-0 0-0 7. Nc3 c6 8. b3 b5 9. c5 e5 10. dxe5 Ng4 11. Qd4 h5 12. h3 Bxc5 13. Qf4 Nh6 14. e4 Nb6 15. exd5 b4 16. Ne4 Nxd5 17. Nf6+ Kh8 18. Qg5 Be7 19. Qxh5 Nxf6 20. exf6 Bxf6 21. Bxh6 gxh6 22. Rad1 Qe7 23. Rfe1 Be6 24. Qxh6+ Kg8 25. Ne5 Bg7 26. Nxc6 Qc5 27. Qh4 Rae8 28. Rc1 Bc3 29. Re5 Qxe5 30. Nxe5 Bxe5 31. Qxb4 Rd8 32. Qe7 Bd4 33. Qg5+ Bg7 34. h4 Rd6 35. h5 Bc8 36. Rc6 Rd1+ 37. Kh2 Kh8 38. Be4 Be6 39. h6 Bb2 40. Qe7 1-0

[Event "Irkutsk Region-ch"]
[Site "Irkutsk"]
[Date "2012.10.23"]
[Round "5"]
[White "Privalikhin, Fedor"]
[Black "Fellenger, Alexander"]
[Result "0-1"]
[WhiteElo "2166"]
[BlackElo "2150"]
[PlyCount "86"]
[EventDate "2012.10.19"]
[EventType "tourn"]
[EventRounds "13"]
[EventCountry "RUS"]
[SourceTitle "EXT 2014"]
[Source "ChessBase"]
[SourceDate "2013.11.20"]
[SourceVersion "1"]
[SourceVersionDate "2013.11.20"]
[SourceQuality "1"]

1. d4 d5 2. c4 e6 3. Nc3 f5 4. Nf3 c6 5. g4 Nf6 6. h3 Be7 7. Bf4 0-0 8. Qc2 Ne4 9. e3 Na6 10. Be2 Kh8 11. a3 c5 12. gxf5 Nxc3 13. bxc3 exf5 14. Rg1 Be6 15. Rb1 b6 16. Ng5 Bg8 17. cxd5 Nc7 18. c4 cxd4 19. exd4 Rc8 20. Qd3 b5 21. Qg3 Bf6 22. d6 bxc4 23. dxc7 Qxd4 24. Qe3 Qd7 25. Nf3 Rfe8 26. Qd2 Qc6 27. Kf1 c3 28. Qc2 Rxe2 29. Qxe2 Bc4 30. Rb8 Bxe2+ 31. Kxe2 Qe8+ 32. Kf1 c2 33. Kg2 g5 34. Re1 Qg8 35. Bd6 g4 36. Ne5 Kg7 37. Kh2 Qe6 38. Rxc8 Qxc8 39. Rc1 Qe6 40. Rxc2 Bxe5+ 41. Kg1 Bxd6 42. c8Q Qe1+ 43. Kg2 gxh3+ 0-1

[Event "Irkutsk-ch op"]
[Site "Irkutsk"]
[Date "2011.04.18"]
[Round "3"]
[White "Iskhakov, Artem"]
[Black "Privalikhin, Fedor"]
[Result "0-1"]
[WhiteElo "1964"]
[BlackElo "2177"]
[PlyCount "82"]
[EventDate "2011.04.16"]
[EventType "swiss"]
[EventRounds "9"]
[EventCountry "RUS"]
[SourceTitle "EXT 2013"]
[Source "ChessBase"]
[SourceDate "2012.11.22"]
[SourceVersion "1"]
[SourceVersionDate "2012.11.22"]
[SourceQuality "1"]

1. d4 d5 2. Nf3 Nf6 3. Bf4 c6 4. e3 Bf5 5. Bd3 Bxd3 6. Qxd3 e6 7. 0-0 Nbd7 8. c4 Be7 9. Nbd2 0-0 10. Rac1 Nh5 11. b3 g5 12. Bg3 Nxg3 13. hxg3 f5 14. Ne5 Nxe5 15. dxe5 Qe8 16. cxd5 exd5 17. f4 g4 18. Kf2 Qg6 19. Rh1 h5 20. Qd4 Kf7 21. b4 Rh8 22. b5 h4 23. gxh4 Rxh4 24. Rxh4 Bxh4+ 25. g3 Be7 26. Kg2 Qe6 27. bxc6 bxc6 28. Rh1 c5 29. Qa4 c4 30. Qd1 Kg7 31. Rh5 Qg6 32. Rh2 Rb8 33. Qa4 Rb7 34. Qc2 Qe6 35. Qc1 Rb8 36. Qh1 Qg6 37. Qc1 Bc5 38. Qc3 Qe6 39. Qa5 Qb6 40. Qc3 Qb4 41. Qxb4 Rxb4 0-1

[Event "Irkutsk-ch"]
[Site "Irkutsk"]
[Date "2010.12.28"]
[Round "1"]
[White "Ginzburg, Yakov"]
[Black "Privalikhin, Fedor"]
[Result "1-0"]
[WhiteElo "2402"]
[BlackElo "2170"]
[PlyCount "79"]
[EventDate "2010.12.28"]
[EventType "tourn"]
[EventRounds "9"]
[EventCountry "RUS"]
[SourceTitle "CBM 140 Extra"]
[Source "ChessBase"]
[SourceDate "2011.03.01"]
[SourceVersion "1"]
[SourceVersionDate "2011.03.01"]
[SourceQuality "1"]

1. d4 Nf6 2. Nf3 e6 3. g3 b6 4. Bg2 Bb7 5. 0-0 Be7 6. c4 0-0 7. d5 exd5 8. Nh4 c6 9. cxd5 Nxd5 10. Nf5 Nc7 11. e4 d5 12. Nc3 Bf6 13. Bf4 d4 14. e5 dxc3 15. exf6 Qxf6 16. Qd6 Qxf5 17. Qxc7 cxb2 18. Rab1 Qd7 19. Rxb2 Qxc7 20. Bxc7 Na6 21. Bd6 Rfe8 22. Rd1 Rad8 23. Rbd2 h6 24. h4 Ba8 25. Bf1 Bb7 26. Bg2 Nb8 27. a4 Rc8 28. Bh3 Rcd8 29. Bg2 Na6 30. Kh2 Ba8 31. Bf1 Nb8 32. Bg2 Bb7 33. g4 Na6 34. Kg3 Rc8 35. Ba3 Nb8 36. g5 hxg5 37. hxg5 Na6 38. Rd7 Ba8 39. Rxa7 Nc5 40. a5 1-0

[Event "Sibiria Region-ch"]
[Site "Irkutsk"]
[Date "2010.05.21"]
[Round "8"]
[White "Privalikhin, Fedor"]
[Black "Sergeev, Andrey"]
[Result "1-0"]
[WhiteElo "2147"]
[BlackElo "2043"]
[PlyCount "81"]
[EventDate "2010.05.15"]
[EventType "swiss"]
[EventRounds "9"]
[EventCountry "RUS"]
[SourceTitle "CBM 136 Extra"]
[Source "ChessBase"]
[SourceDate "2010.07.02"]
[SourceVersion "2"]
[SourceVersionDate "2010.07.15"]
[SourceQuality "1"]

1. d4 d5 2. c4 c6 3. Nc3 Nf6 4. e3 e6 5. Nf3 Nbd7 6. Bd3 dxc4 7. Bxc4 b5 8. Bb3 a6 9. 0-0 c5 10. Qe2 Bb7 11. Rd1 Qc7 12. a3 Bd6 13. h3 0-0 14. Bd2 c4 15. Bc2 e5 16. dxe5 Nxe5 17. Nd4 Rad8 18. Qe1 Rfe8 19. Nce2 Nd3 20. Bxd3 cxd3 21. Ba5 Qc4 22. Nc3 Bh2+ 23. Kxh2 Rxd4 24. Qf1 Rd7 25. Rd2 Qh4 26. Kg1 Qg5 27. Kh2 Ne4 28. Nxe4 Bxe4 29. f3 Qxe3 30. fxe4 Qxe4 31. Rad1 Qe5+ 32. Kh1 Rde7 33. Bc3 Qg5 34. Rxd3 h6 35. Kh2 Re3 36. Qf2 Re2 37. Qg3 Rc2 38. Qxg5 hxg5 39. Rd8 Rxd8 40. Rxd8+ Kh7 41. Ra8 1-0

[Event "Sibiria Region-ch"]
[Site "Irkutsk"]
[Date "2010.05.17"]
[Round "4"]
[White "Belmeskin, Ilia"]
[Black "Privalikhin, Fedor"]
[Result "1-0"]
[WhiteElo "2227"]
[BlackElo "2147"]
[PlyCount "68"]
[EventDate "2010.05.15"]
[EventType "swiss"]
[EventRounds "9"]
[EventCountry "RUS"]
[SourceTitle "CBM 136 Extra"]
[Source "ChessBase"]
[SourceDate "2010.07.02"]
[SourceVersion "2"]
[SourceVersionDate "2010.07.15"]
[SourceQuality "1"]

1. d4 d5 2. c4 e6 3. Nc3 Nf6 4. cxd5 exd5 5. Bg5 Be7 6. e3 c6 7. Bd3 0-0 8. Qc2 Nbd7 9. Nf3 Re8 10. 0-0 Nf8 11. Rab1 Ne4 12. Bf4 f5 13. b4 a6 14. a4 g5 15. Bg3 Ng6 16. Ne5 Bd6 17. Nxg6 Nxg3 18. hxg3 hxg6 19. b5 Re7 20. bxc6 bxc6 21. Na2 Bd7 22. Nb4 Qe8 23. Nxa6 Rh7 24. Nc5 Bc8 25. Rfe1 Raa7 26. Qb3 Rh6 27. a5 Kh8 28. a6 Rah7 29. f4 Qf8 30. Qb6 Bc7 31. Qxc6 Ba5 32. Red1 Re7 33. Rb8 Bc7 34. a7 Rxe3 1-0

[Event "Irkutsk Urbanovich Memorial"]
[Site "Irkutsk"]
[Date "2010.03.28"]
[Round "15"]
[White "Gutsol, Maxim"]
[Black "Privalikhin, Fedor"]
[Result "0-1"]
[WhiteElo "1464"]
[BlackElo "2147"]
[PlyCount "60"]
[EventDate "2010.03.14"]
[EventType "tourn"]
[EventRounds "15"]
[EventCountry "RUS"]
[SourceTitle "EXT 2023"]
[Source "ChessBase"]
[SourceDate "2022.10.05"]
[SourceVersion "1"]
[SourceVersionDate "2022.10.05"]
[SourceQuality "1"]

1. e4 e5 2. Nf3 Nc6 3. g3 Bc5 4. Bg2 d6 5. 0-0 Bg4 6. d3 Qd7 7. c3 Bb6 8. Qe1 Nge7 9. Be3 0-0 10. Nh4 d5 11. Bxb6 axb6 12. Nd2 d4 13. f4 dxc3 14. bxc3 Qxd3 15. Nb3 f6 16. f5 Bh5 17. Rf2 Rfd8 18. Bf3 Bf7 19. Rd1 Qb5 20. Rxd8+ Rxd8 21. Bd1 Nc8 22. Rd2 Nd6 23. Bc2 Ra8 24. Bd3 Bc4 25. Bxc4+ Qxc4 26. Re2 Ra4 27. Nd2 Qxc3 28. Nhf3 Rxa2 29. h4 Ra1 30. Nb1 Qxf3 0-1

[Event "Irkutsk Urbanovich Memorial"]
[Site "Irkutsk"]
[Date "2010.03.25"]
[Round "12"]
[White "Privalikhin, Fedor"]
[Black "Usov, Alexander"]
[Result "1-0"]
[WhiteElo "2147"]
[BlackElo "1701"]
[PlyCount "59"]
[EventDate "2010.03.14"]
[EventType "tourn"]
[EventRounds "15"]
[EventCountry "RUS"]
[SourceTitle "EXT 2023"]
[Source "ChessBase"]
[SourceDate "2022.10.05"]
[SourceVersion "1"]
[SourceVersionDate "2022.10.05"]
[SourceQuality "1"]

1. d4 Nf6 2. c4 c5 3. d5 e6 4. Nc3 exd5 5. cxd5 d6 6. Nf3 Be7 7. g3 Bg4 8. Nd2 Nbd7 9. h3 Bh5 10. Bg2 Rb8 11. a4 a6 12. a5 0-0 13. 0-0 b5 14. axb6 Qxb6 15. Nc4 Qc7 16. Rxa6 Nb6 17. Na5 Ra8 18. Rxa8 Rxa8 19. Nc6 Bf8 20. f4 h6 21. f5 Nc4 22. Qd3 Na5 23. g4 Bxg4 24. hxg4 Nxg4 25. Qg3 h5 26. Ne4 Qb6 27. Qh4 Nc4 28. Qxh5 Nce3 29. Bxe3 Nxe3 30. Ng5 1-0

[Event "Irkutsk Urbanovich Memorial"]
[Site "Irkutsk"]
[Date "2010.03.19"]
[Round "6"]
[White "Belomestnykh, Afanasy"]
[Black "Privalikhin, Fedor"]
[Result "0-1"]
[WhiteElo "1795"]
[BlackElo "2147"]
[PlyCount "124"]
[EventDate "2010.03.14"]
[EventType "tourn"]
[EventRounds "15"]
[EventCountry "RUS"]
[SourceTitle "EXT 2023"]
[Source "ChessBase"]
[SourceDate "2022.10.05"]
[SourceVersion "1"]
[SourceVersionDate "2022.10.05"]
[SourceQuality "1"]

1. Nf3 d5 2. d4 Nf6 3. c4 e6 4. Nc3 Nbd7 5. cxd5 exd5 6. Bg5 Be7 7. e3 0-0 8. Bd3 c6 9. Qc2 Re8 10. 0-0 h6 11. Bf4 Nh5 12. Be5 Nhf6 13. Nb5 Nxe5 14. dxe5 Nd7 15. Nbd4 Bf8 16. Bh7+ Kh8 17. e6 fxe6 18. Bg6 Re7 19. Qe2 e5 20. Nf5 Re6 21. N3h4 Nc5 22. Qh5 Qg5 23. Bf7 Qxh5 24. Bxh5 Rf6 25. Ng6+ Kh7 26. Nxf8+ Rxf8 27. Ng3 Be6 28. Be2 Bf7 29. b4 Nd7 30. a3 Bg6 31. Rad1 Nb6 32. Rc1 Rac8 33. h4 Kh8 34. Rfd1 Rfd8 35. h5 Bh7 36. Bg4 Rc7 37. Nf5 Rf7 38. Nh4 Rdf8 39. f3 Nc4 40. Rc3 b5 41. Ra1 Rd8 42. Ng6+ Bxg6 43. hxg6 Rf6 44. Bh5 Kg8 45. Rd3 Kf8 46. Rf1 Ke7 47. Re1 Rfd6 48. f4 e4 49. Rc3 Kf6 50. g4 Rb8 51. Kh2 a5 52. Rg1 Ke7 53. g5 Rh8 54. gxh6 Rxh6 55. Rg5 Rd8 56. Kg3 Rdh8 57. Bg4 Kf6 58. bxa5 Ra8 59. Bd7 Ra6 60. Bc8 Rxa5 61. Bd7 b4 62. axb4 Ra1 0-1